|
|
|
|
| LEADER |
00000nta a2200000 i 4500 |
| 001 |
dolg5817 |
| 005 |
20170411104942.0 |
| 008 |
160509suuuu hu om 000 hun d |
| 040 |
|
|
|a BGE Dolgozattár Repozitórium
|b hun
|
| 041 |
|
|
|a hun
|
| 100 |
1 |
|
|a Lebeskó Edina
|
| 245 |
1 |
0 |
|a Ipar 4.0 a logisztikában és a Robert Bosch vállalatcsoportnál
|h [elektronikus dokumentum] /
|c Lebeskó Edina
|
| 246 |
1 |
0 |
|a Ipar 4.0 a logisztikában és a Robert Bosch vállalatcsoportnál
|h [elektronikus dokumentum]
|
| 695 |
|
|
|a Ipar 4.0
|
| 695 |
|
|
|a Logisztika
|
| 700 |
0 |
1 |
|a Orbán Gabirella
|e ths
|
| 856 |
4 |
0 |
|u http://dolgozattar.uni-bge.hu/5817/1/Lebesko_Edina_szakdolgozat.pdf
|z Dokumentum-elérés
|